|
|
|
|
| LEADER |
01500nam a2200373 a 4500 |
| 001 |
29406 |
| 003 |
BD-DhAAL |
| 005 |
20150728095318.0 |
| 008 |
150728r20132003enk b 001 0 eng |
| 010 |
|
|
|a 2005271656
|
| 020 |
|
|
|a 0199278083 (pbk.)
|
| 040 |
|
|
|a DLC
|c DLC
|d DLC
|d BD-DhAAL
|
| 041 |
|
|
|a eng
|
| 043 |
|
|
|a n-us---
|
| 050 |
0 |
0 |
|a E895
|b .H375 2005
|
| 082 |
0 |
0 |
|a 973.93
|2 22
|
| 100 |
1 |
|
|a Harvey, David,
|d 1935-
|9 13263
|
| 245 |
1 |
4 |
|a The new imperialism /
|c David Harvey.
|
| 260 |
|
|
|a Oxford ;
|a New York :
|b Oxford University Press,
|c 2005 [reprinted 2013]
|
| 300 |
|
|
|a xi, 275 p. ;
|c 20 cm.
|
| 504 |
|
|
|a Includes bibliographical references (p. 237-244) and index.
|
| 504 |
|
|
|a "Further reading": p. 233-236.
|
| 541 |
|
|
|e 29406
|
| 650 |
|
0 |
|a Political culture
|z United States.
|9 13264
|
| 650 |
|
0 |
|a Imperialism.
|9 5625
|
| 650 |
|
0 |
|a Militarism
|z United States.
|9 13265
|
| 651 |
|
0 |
|a United States
|x Foreign relations
|y 2001-
|9 13266
|
| 651 |
|
0 |
|a United States
|x Foreign relations
|y 20th century.
|9 13267
|
| 651 |
|
0 |
|a United States
|x Politics and government
|y 2001-2009.
|9 9903
|
| 856 |
4 |
2 |
|3 Publisher description
|u http://www.loc.gov/catdir/enhancements/fy0626/2005271656-d.html
|
| 856 |
4 |
1 |
|3 Table of contents only
|u http://www.loc.gov/catdir/enhancements/fy0636/2005271656-t.html
|
| 942 |
|
|
|2 ddc
|c BK
|
| 999 |
|
|
|c 35076
|d 35076
|
| 952 |
|
|
|0 0
|1 0
|2 ddc
|4 0
|6 973_930000000000000_HAR
|7 0
|9 54980
|a BRACUL
|b BRACUL
|c GEN
|d 2015-07-28
|l 4
|m 27
|o 973.93 HAR
|p 3010029406
|r 2018-06-07
|s 2018-06-03
|t 1
|w 2015-07-28
|y BK
|